[Event "Regionalliga SW 0607"]
[Site "Bayern"]
[Date "2007.03.18"]
[Round "7.4"]
[White "Derix, Bernhard"]
[Black "Kuebler, Uwe"]
[Result "1/2-1/2"]
[WhiteElo "1960"]
[BlackElo "1989"]
[PlyCount "35"]
[EventDate "2006.10.15"]
[EventType "team-tourn"]
[EventRounds "9"]
[EventCountry "GER"]
[SourceTitle "EXT 2008"]
[Source "ChessBase"]
[SourceDate "2007.11.25"]
[SourceVersion "1"]
[SourceVersionDate "2007.11.25"]
[SourceQuality "1"]
[WhiteTeam "Augsburg"]
[BlackTeam "Muenchen Tarrasch II"]
[WhiteTeamCountry "GER"]
[BlackTeamCountry "GER"]

1. d4 Nf6 2. Bf4 e6 3. e3 b6 4. Nf3 Bb7 5. Nbd2 g6 6. Bd3 Bg7 7. 0-0 d6 8. e4 0-0 9. Re1 Nc6 10. c3 e5 11. Bg5 h6 12. Bh4 Qd7 13. Bb5 exd4 14. cxd4 a6 15. Bxc6 Bxc6 16. Qc2 Bb7 17. Rac1 Rac8 18. d5 1/2-1/2

[Event "Passau op 7th"]
[Site "Passau"]
[Date "1999.04.04"]
[Round "5"]
[White "Derix, Bernhard"]
[Black "Muetz, Gunnar"]
[Result "0-1"]
[WhiteElo "1955"]
[BlackElo "2200"]
[PlyCount "153"]
[EventDate "1999.04.02"]
[EventType "swiss"]
[EventRounds "7"]
[EventCountry "GER"]
[SourceTitle "EXT 2000"]
[Source "ChessBase"]
[SourceDate "1999.11.16"]
[SourceVersion "1"]
[SourceVersionDate "1999.11.16"]
[SourceQuality "1"]

1. e4 d6 2. d4 Nf6 3. Nc3 c6 4. f3 Qb6 5. Bc4 Nbd7 6. Bb3 a5 7. Nge2 Qa6 8. a4 g6 9. Bf4 Nb6 10. d5 Bg7 11. h4 h5 12. Nd4 Bd7 13. Qd2 Rc8 14. dxc6 bxc6 15. Be3 c5 16. Ndb5 c4 17. Bxb6 Qxb6 18. Ba2 Qc5 19. Rd1 0-0 20. Qf2 Qb4 21. 0-0 Bxb5 22. Nxb5 Qxa4 23. Nc3 Qb4 24. Rb1 e6 25. Nd1 Nd7 26. c3 Qa4 27. Ra1 Ne5 28. Ne3 Qb5 29. Bb1 Rb8 30. f4 Nd7 31. Nd1 f5 32. Qe2 Rfe8 33. Qf3 d5 34. e5 Bf8 35. Kh1 Nc5 36. Bc2 a4 37. Qg3 Kg7 38. Qe3 Nb3 39. Rb1 Bc5 40. Qe2 d4 41. cxd4 Nxd4 42. Qd2 Nxc2 43. Qxc2 Qb3 44. Qxb3 Rxb3 45. Rc1 Rb4 46. Nc3 Be3 47. Rcd1 Rxb2 48. Rd7+ Kf8 49. Nxa4 Rf2 50. Rxf2 Bxf2 51. Rc7 Bg3 52. Nb6 Re7 53. Rxc4 Ra7 54. Ra4 Rxa4 55. Nxa4 Bxf4 56. Nc5 Ke7 57. Nd3 Bg3 58. Kg1 Bxh4 59. Kh2 Bg5 60. Kg3 Bd2 61. Kh4 Be3 62. Nb2 Kf7 63. Nc4 Bc5 64. Kg5 Kg7 65. Nd6 Bxd6 66. exd6 Kf7 67. d7 Ke7 68. d8Q+ Kxd8 69. Kxg6 Ke7 70. Kxh5 Kf6 71. Kh4 Ke5 72. Kg3 Ke4 73. Kf2 Kd3 74. Kf3 e5 75. g3 e4+ 76. Kf4 e3 77. Kxf5 0-1

[Event "Passau op 7th"]
[Site "Passau"]
[Date "1999.04.04"]
[Round "6"]
[White "Derix, Bernhard"]
[Black "Reinartz, Ulrich"]
[Result "1-0"]
[WhiteElo "1855"]
[BlackElo "1798"]
[PlyCount "45"]
[EventDate "1999.04.02"]
[EventType "swiss"]
[EventRounds "7"]
[EventCountry "GER"]
[SourceTitle "EXT 2000"]
[Source "ChessBase"]
[SourceDate "1999.11.16"]
[SourceVersion "1"]
[SourceVersionDate "1999.11.16"]
[SourceQuality "1"]

1. e4 c5 2. Nf3 Nc6 3. Nc3 d6 4. d4 cxd4 5. Nxd4 Nf6 6. Be2 g6 7. Be3 Bg7 8. Qd2 0-0 9. 0-0-0 Ng4 10. Bxg4 Bxg4 11. f3 Bd7 12. Nxc6 Bxc6 13. Bh6 Qa5 14. Bxg7 Kxg7 15. h4 b5 16. h5 b4 17. hxg6 fxg6 18. Qh6+ Kf7 19. Qxh7+ Ke6 20. Qxg6+ Kd7 21. Rxd6+ exd6 22. Rh7+ Kc8 23. Qxd6 1-0

[Event "Regionalliga SO 9697"]
[Site "Bayern"]
[Date "1997.02.02"]
[Round "5"]
[White "Fartmann, Berthold"]
[Black "Derix, Bernhard"]
[Result "0-1"]
[WhiteElo "2030"]
[BlackElo "1925"]
[PlyCount "71"]
[EventDate "1996.10.13"]
[EventType "team-tourn"]
[EventRounds "9"]
[EventCountry "GER"]
[SourceTitle "EXT 1999"]
[Source "ChessBase"]
[SourceDate "1998.11.16"]
[SourceVersion "1"]
[SourceVersionDate "1998.11.16"]
[SourceQuality "1"]
[WhiteTeam "Ebersberg Grafing"]
[BlackTeam "Simbach"]
[WhiteTeamCountry "GER"]
[BlackTeamCountry "GER"]

1. d4 d5 2. c4 e6 3. Nc3 Be7 4. Nf3 Nf6 5. Bf4 c6 6. e3 0-0 7. Qc2 Nbd7 8. cxd5 exd5 9. Bd3 Re8 10. 0-0-0 Qa5 11. Kb1 Nf8 12. h4 Bg4 13. Rdg1 c5 14. Be5 Be6 15. Ng5 Rac8 16. g4 cxd4 17. Bxd4 Ne4 18. Bxe4 dxe4 19. a3 Bc4 20. Ngxe4 Bd5 21. g5 Ne6 22. Nf6+ Bxf6 23. gxf6 Bxh1 24. Rxh1 Nxd4 25. exd4 Qb6 26. Rg1 Qxf6 27. Nd5 Qd6 28. Qf5 Rc6 29. h5 g6 30. hxg6 fxg6 31. Qg5 Qe6 32. Ka1 Rd6 33. Nf4 Qf6 34. Qb5 Rf8 35. Qc4+ Kh8 36. Nd5 0-1

[Event "Passau op 5th"]
[Site "Passau"]
[Date "1997.??.??"]
[Round "1"]
[White "Zeitlein, Michael"]
[Black "Derix, Bernhard"]
[Result "1-0"]
[WhiteElo "2460"]
[BlackElo "1925"]
[PlyCount "69"]
[EventDate "1997.05.??"]
[EventType "swiss"]
[EventRounds "7"]
[EventCountry "GER"]
[SourceTitle "EXT 2001"]
[Source "ChessBase"]
[SourceDate "2000.11.22"]
[SourceVersion "1"]
[SourceVersionDate "2000.11.22"]
[SourceQuality "1"]

1. Nf3 Nf6 2. b3 d5 3. Bb2 Bf5 4. c4 e6 5. Nh4 d4 6. Nxf5 exf5 7. g3 Bc5 8. Bg2 c6 9. 0-0 0-0 10. Na3 Na6 11. Nc2 Ne4 12. d3 Ng5 13. Qd2 Ne6 14. b4 Be7 15. a4 Qd7 16. Rab1 Rad8 17. b5 Nb8 18. Nb4 Rfe8 19. Ba1 Nc5 20. bxc6 bxc6 21. a5 Nca6 22. Nc2 Bc5 23. Rb3 Re6 24. Rfb1 Rde8 25. Bf3 Qd8 26. Qf4 Re5 27. h4 h6 28. h5 g5 29. hxg6 fxg6 30. Qxh6 R8e6 31. Rb7 Nd7 32. Nxd4 Bxd4 33. Bxd4 g5 34. Rxd7 Qxd7 35. Qxg5+ 1-0